Five Letter Geography - S - Statistics

General Stats
  • This quiz has been taken 66 times
  • The average score is 9 of 10
Answer Stats
Hint Answer % Correct
Capital city of South Korea, with over 25,000,000 people Seoul
98%
Compass direction that comes before Korea or Africa South
98%
Largest country on the Iberian peninsula Spain
98%
Middle Eastern country whose capital is Damascus Syria
98%
Capital city located on the West side of Bulgaria Sofia
95%
Another country which comes after that direction Sudan
95%
Oceanic country that also has an American version Samoa
93%
Capital city of Yemen, however not the largest Sana'a
84%
One of the two capitals of Bolivia Sucre
82%
The capital city of Oregon state Salem
79%
No matching quizzes found
Score Distribution
Percent of People with Each Score
Percentile by Number Answered
Your Score History
You have not taken this quiz